[Event "XVII. DBMM Schach"]
[Site "Berlin"]
[Date "2017.11.02"]
[Round "2.2"]
[White "Christ, Heyko"]
[Black "Voss, Ingo"]
[Result "0-1"]
[WhiteElo "1547"]
[BlackElo "2116"]
[Annotator "br"]
[PlyCount "61"]
[EventDate "2017.??.??"]
[EventType "team-swiss"]
[EventRounds "7"]
[EventCountry "GER"]
[SourceTitle "XVII. DBMM 2017"]
[Source "FV Schach e.V."]
[SourceDate "2018.05.26"]
[SourceVersion "1"]
[SourceVersionDate "2018.05.26"]
[SourceQuality "1"]
[WhiteTeam "SV Rapid Unilever Hamburg"]
[BlackTeam "SG Bayer Berlin"]
[WhiteTeamCountry "GER"]
[BlackTeamCountry "GER"]

1. d4 Nf6 2. g3 c5 3. d5 e6 4. c4 b5 5. Qd3 bxc4 6. Qxc4 Nxd5 7. Bg2 Bb7 8. Nf3
Be7 9. Bd2 O-O 10. Nc3 Nxc3 11. Bxc3 d5 12. Qb3 Bd6 13. Qc2 Nc6 14. O-O d4 15.
Rfd1 Qb6 16. Be1 Rac8 17. a3 Rfd8 18. Rab1 c4 19. Qe4 Be7 20. Qg4 Bf6 21. h4
Ne5 22. Nxe5 Bxe5 23. Bxb7 Qxb7 24. Ba5 Rd5 25. Bb4 a5 26. Bd2 Rb5 27. f4 Bf6
28. Qh3 c3 29. Rbc1 cxd2 30. Rxc8+ Qxc8 31. Qg2 0-1

[Event "XVII. DBMM Schach"]
[Site "Berlin"]
[Date "2017.11.02"]
[Round "2.3"]
[White "Froehlich, Sergej"]
[Black "Amini, Mahmood"]
[Result "1-0"]
[WhiteElo "1763"]
[BlackElo "1699"]
[Annotator "br"]
[PlyCount "73"]
[EventDate "2017.??.??"]
[EventType "team-swiss"]
[EventRounds "7"]
[EventCountry "GER"]
[SourceTitle "XVII. DBMM 2017"]
[Source "FV Schach e.V."]
[SourceDate "2018.05.26"]
[SourceVersion "1"]
[SourceVersionDate "2018.05.26"]
[SourceQuality "1"]
[WhiteTeam "SG Bayer Berlin"]
[BlackTeam "SV Rapid Unilever Hamburg"]
[WhiteTeamCountry "GER"]
[BlackTeamCountry "GER"]

1. d4 e6 2. Bf4 Nf6 3. e3 d5 4. Nf3 c6 5. Nbd2 Bd6 6. Bg3 Bxg3 7. hxg3 Nbd7 8.
Bd3 c5 9. c3 c4 10. Bc2 h6 11. Ne5 Qb6 12. Rb1 Qc7 13. f4 Nb6 14. g4 Nfd7 15.
Nef3 g6 16. Ng5 Nf6 17. Rh4 Qe7 18. g3 Bd7 19. Ngf3 O-O-O 20. Ne5 g5 21. Rh1
Rdg8 22. b3 Bb5 23. bxc4 Nxc4 24. Rxb5 Nxe3 25. Qb1 gxf4 26. Nc6 Nxc2+ 27. Kd1
Ne3+ 28. Ke2 Qc7 29. Nxa7+ Kb8 30. Rc5 Qxc5 31. dxc5 Kxa7 32. Qb6+ Kb8 33. Rb1
Kc8 34. Qxb7+ Kd8 35. Qb8+ Ke7 36. Qd6+ Ke8 37. Rb8# 1-0

[Event "XVII. DBMM Schach"]
[Site "Berlin"]
[Date "2017.11.02"]
[Round "2.4"]
[White "Kazemi Sresht, Rahim"]
[Black "Althaus, Boris"]
[Result "1-0"]
[WhiteElo "1534"]
[BlackElo "1414"]
[Annotator "br"]
[PlyCount "55"]
[EventDate "2017.??.??"]
[EventType "team-swiss"]
[EventRounds "7"]
[EventCountry "GER"]
[SourceTitle "XVII. DBMM 2017"]
[Source "FV Schach e.V."]
[SourceDate "2018.05.26"]
[SourceVersion "1"]
[SourceVersionDate "2018.05.26"]
[SourceQuality "1"]
[WhiteTeam "SV Rapid Unilever Hamburg"]
[BlackTeam "SG Bayer Berlin"]
[WhiteTeamCountry "GER"]
[BlackTeamCountry "GER"]

1. e4 c5 2. Nf3 Nc6 3. d4 e6 4. Be2 g6 5. c3 cxd4 6. Nxd4 Bg7 7. Nb5 d5 8. O-O
Nf6 9. Bg5 O-O 10. Bf3 a6 11. Bxf6 Bxf6 12. exd5 exd5 13. Nd4 Bxd4 14. cxd4 Be6
15. Nc3 Qd6 16. a3 Rad8 17. Na4 a5 18. Nc5 Rb8 19. Re1 b6 20. Nxe6 fxe6 21. Bg4
Rbe8 22. Rc1 h5 23. Be2 Rf4 24. Qa4 Rh4 25. g3 Rxd4 26. Qxc6 Qxc6 27. Rxc6 b5
28. Bxb5 1-0

[Event "XVII. DBMM Schach"]
[Site "Berlin"]
[Date "2017.11.02"]
[Round "2.1"]
[White "Raum, Norbert"]
[Black "Lenhardt, Manfred"]
[Result "0-1"]
[WhiteElo "1833"]
[BlackElo "2086"]
[Annotator "br"]
[PlyCount "56"]
[EventDate "2017.??.??"]
[EventType "team-swiss"]
[EventRounds "7"]
[EventCountry "GER"]
[SourceTitle "XVII. DBMM 2017"]
[Source "FV Schach e.V."]
[SourceDate "2018.05.26"]
[SourceVersion "1"]
[SourceVersionDate "2018.05.26"]
[SourceQuality "1"]
[WhiteTeam "Baubehoerde Hamburg II"]
[BlackTeam "Vattenfall Berlin"]
[WhiteTeamCountry "GER"]
[BlackTeamCountry "GER"]

1. g3 d5 2. Nf3 Nf6 3. Bg2 c5 4. O-O Nc6 5. d4 e6 6. c4 Be7 7. dxc5 Bxc5 8.
cxd5 exd5 9. Qc2 Bb6 10. Nc3 Be6 11. Bg5 h6 12. Bxf6 Qxf6 13. Rad1 Rd8 14. h3
O-O 15. e3 d4 16. exd4 Nxd4 17. Nxd4 Bxd4 18. Ne4 Qe5 19. Kh2 Rc8 20. Qa4 Bb6
21. f4 Qh5 22. Nd6 Rc5 23. Nxb7 Rc4 24. Qa3 Rc2 25. f5 Bxf5 26. h4 Rxg2+ 27.
Kxg2 Qe2+ 28. Kh1 Be4+ 0-1

[Event "XVII. DBMM Schach"]
[Site "Berlin"]
[Date "2017.11.02"]
[Round "2.2"]
[White "Busse, Wolfgang"]
[Black "Hoffeins, Hans Werner"]
[Result "1/2-1/2"]
[WhiteElo "1841"]
[BlackElo "1512"]
[Annotator "br"]
[PlyCount "104"]
[EventDate "2017.??.??"]
[EventType "team-swiss"]
[EventRounds "7"]
[EventCountry "GER"]
[SourceTitle "XVII. DBMM 2017"]
[Source "FV Schach e.V."]
[SourceDate "2018.05.26"]
[SourceVersion "1"]
[SourceVersionDate "2018.05.26"]
[SourceQuality "1"]
[WhiteTeam "Vattenfall Berlin"]
[BlackTeam "Baubehoerde Hamburg II"]
[WhiteTeamCountry "GER"]
[BlackTeamCountry "GER"]

1. e4 d6 2. d4 Nf6 3. Bd3 e5 4. c3 Nbd7 5. Ne2 c5 6. d5 c4 7. Bc2 Nc5 8. f3 Bd7
9. b4 cxb3 10. axb3 Be7 11. b4 Na6 12. Be3 Qc7 13. O-O O-O 14. Bd3 Bc8 15. Nd2
Nh5 16. Qc2 Nf4 17. Nxf4 exf4 18. Bd4 Bd7 19. Rfc1 Qc8 20. e5 dxe5 21. Bxh7+
Kh8 22. Bxe5 f5 23. Bg6 Bf6 24. Bd6 Rd8 25. Rab1 Ba4 26. Qxa4 Rxd6 27. Bf7 Qd8
28. Nc4 Rd7 29. Be6 Re7 30. Qa5 Nc7 31. d6 Rxe6 32. dxc7 Qe7 33. Qxf5 Rc8 34.
Qh5+ Kg8 35. Qd5 Kh7 36. Nd2 Rxc7 37. Ne4 g5 38. Qf5+ Kg7 39. c4 b6 40. c5 Re5
41. Qxf6+ Qxf6 42. Nxf6 Kxf6 43. cxb6 Rxc1+ 44. Rxc1 axb6 45. Rc6+ Re6 46. Rc8
Ke7 47. Kf2 Kd7 48. Rc4 Kd6 49. g3 fxg3+ 50. hxg3 Kd5 51. Rc8 Ke5 52. f4+ gxf4
1/2-1/2

[Event "XVII. DBMM Schach"]
[Site "Berlin"]
[Date "2017.11.02"]
[Round "2.3"]
[White "Hein, Andrea"]
[Black "Schulze, Norbert"]
[Result "0-1"]
[WhiteElo "1418"]
[BlackElo "1794"]
[Annotator "br"]
[PlyCount "54"]
[EventDate "2017.??.??"]
[EventType "team-swiss"]
[EventRounds "7"]
[EventCountry "GER"]
[SourceTitle "XVII. DBMM 2017"]
[Source "FV Schach e.V."]
[SourceDate "2018.05.26"]
[SourceVersion "1"]
[SourceVersionDate "2018.05.26"]
[SourceQuality "1"]
[WhiteTeam "Baubehoerde Hamburg II"]
[BlackTeam "Vattenfall Berlin"]
[WhiteTeamCountry "GER"]
[BlackTeamCountry "GER"]

1. d4 d5 2. c4 c6 3. Nc3 Nf6 4. Nf3 e6 5. a3 dxc4 6. Bg5 Nbd7 7. e3 Qa5 8. Bxf6
Nxf6 9. Rc1 b5 10. Be2 Be7 11. O-O O-O 12. Ne5 Qc7 13. Bf3 Bb7 14. h3 Rfd8 15.
Qc2 a6 16. Ng4 Nxg4 17. Bxg4 c5 18. dxc5 Qxc5 19. Rfd1 Qg5 20. Kf1 h5 21. f4
Qc5 22. Bf3 Bxf3 23. gxf3 Qxe3 24. Qe4 Bc5 25. Kg2 Qf2+ 26. Kh1 Qg3 27. Rc2
Rxd1+ 0-1

[Event "XVII. DBMM Schach"]
[Site "Berlin"]
[Date "2017.11.02"]
[Round "2.4"]
[White "Schirmag, Wolfgang"]
[Black "Bockelmann, Rolf"]
[Result "1/2-1/2"]
[WhiteElo "1629"]
[BlackElo "1662"]
[Annotator "br"]
[PlyCount "40"]
[EventDate "2017.??.??"]
[EventType "team-swiss"]
[EventRounds "7"]
[EventCountry "GER"]
[SourceTitle "XVII. DBMM 2017"]
[Source "FV Schach e.V."]
[SourceDate "2018.05.26"]
[SourceVersion "1"]
[SourceVersionDate "2018.05.26"]
[SourceQuality "1"]
[WhiteTeam "Vattenfall Berlin"]
[BlackTeam "Baubehoerde Hamburg II"]
[WhiteTeamCountry "GER"]
[BlackTeamCountry "GER"]

1. d4 Nf6 2. Nf3 d5 3. e3 e6 4. Bd3 h6 5. c3 c5 6. Nbd2 Nc6 7. O-O cxd4 8. exd4
Bd6 9. Re1 O-O 10. Ne5 Qc7 11. Ndf3 Nd7 12. Qe2 Ndxe5 13. dxe5 Be7 14. Bc2 f6
15. exf6 Bxf6 16. Qd3 g5 17. h3 Qg7 18. Be3 a6 19. Bc5 Be7 20. Bxe7 Nxe7
1/2-1/2

[Event "XVII. DBMM Schach"]
[Site "Berlin"]
[Date "2017.11.02"]
[Round "2.1"]
[White "Segerberg, Tomas"]
[Black "Kludszuweit, Kim Ira"]
[Result "1-0"]
[WhiteElo "2103"]
[BlackElo "1665"]
[Annotator "br"]
[PlyCount "101"]
[EventDate "2017.??.??"]
[EventType "team-swiss"]
[EventRounds "7"]
[EventCountry "GER"]
[SourceTitle "XVII. DBMM 2017"]
[Source "FV Schach e.V."]
[SourceDate "2018.05.26"]
[SourceVersion "1"]
[SourceVersionDate "2018.05.26"]
[SourceQuality "1"]
[WhiteTeam "SV Osram Berlin II"]
[BlackTeam "Vodafone II"]
[WhiteTeamCountry "GER"]
[BlackTeamCountry "GER"]

1. c4 e5 2. Nc3 Nf6 3. Nf3 d6 4. d4 Nbd7 5. e4 Be7 6. Be2 O-O 7. O-O exd4 8.
Nxd4 Ne5 9. f3 a6 10. Be3 Bd7 11. Qd2 Ng6 12. Rfc1 h6 13. a4 Nh7 14. Bd3 Ne5
15. Be2 Qc8 16. Nd5 Bd8 17. c5 dxc5 18. Rxc5 Nc6 19. Rac1 Nf6 20. Bxh6 Nxd5 21.
Nxc6 bxc6 22. exd5 gxh6 23. dxc6 Bf5 24. Qxh6 Qe6 25. Qf4 Bg6 26. Bc4 Qe7 27.
Ra5 Rb8 28. b3 Qa3 29. Rd1 Be7 30. Qxc7 Bc5+ 31. Kh1 Bb6 32. Qg3 Kh7 33. Rad5
Rbd8 34. h4 Rxd5 35. Bxd5 Rd8 36. c7 Rc8 37. Qg4 Rxc7 38. h5 Rc1 39. hxg6+ fxg6
40. Qh3+ Kg7 41. Qd7+ Kh6 42. Bc4 Rxd1+ 43. Qxd1 Qe7 44. g3 Qe5 45. Kg2 Bc7 46.
Qd2+ Kg7 47. f4 Qe4+ 48. Kh2 Qf5 49. Bxa6 Kh6 50. Bc4 Qh5+ 51. Kg2 {Zeit} 1-0

[Event "XVII. DBMM Schach"]
[Site "Berlin"]
[Date "2017.11.02"]
[Round "2.2"]
[White "Renzelmann, Jannis"]
[Black "Lange, Rudolf"]
[Result "0-1"]
[WhiteElo "1641"]
[BlackElo "1851"]
[Annotator "br"]
[PlyCount "90"]
[EventDate "2017.??.??"]
[EventType "team-swiss"]
[EventRounds "7"]
[EventCountry "GER"]
[SourceTitle "XVII. DBMM 2017"]
[Source "FV Schach e.V."]
[SourceDate "2018.05.26"]
[SourceVersion "1"]
[SourceVersionDate "2018.05.26"]
[SourceQuality "1"]
[WhiteTeam "Vodafone II"]
[BlackTeam "SV Osram Berlin II"]
[WhiteTeamCountry "GER"]
[BlackTeamCountry "GER"]

1. e4 c5 2. Nf3 Nc6 3. d4 cxd4 4. Nxd4 g6 5. Nc3 Bg7 6. Be3 Nf6 7. Bc4 O-O 8.
O-O Nxe4 9. Nxe4 d5 10. Bxd5 Qxd5 11. Nc3 Qc4 12. Qe2 Qxe2 13. Ndxe2 Bf5 14.
Rac1 e5 15. Ng3 Be6 16. b3 f5 17. Bc5 Rfd8 18. Nce2 Rd5 19. Ba3 Ra5 20. Bd6
Rxa2 21. Nc3 Ra6 22. Nb5 Rd8 23. Rfd1 Nd4 24. Nxd4 Raxd6 25. Nxe6 Rxd1+ 26.
Rxd1 Rxd1+ 27. Nf1 Rc1 28. c4 Rc3 29. g3 Rxb3 30. Ne3 a5 31. Nc5 Rb1+ 32. Kg2
e4 33. Nd5 Kf7 34. h3 Bd4 35. Na4 Ra1 36. Nac3 Bxc3 37. Nxc3 Rc1 38. Nb5 Ke7
39. Na3 Rc3 40. Nb5 Rxc4 41. g4 f4 42. Na3 Ra4 43. Nb1 Ra2 44. Nc3 e3 45. Nxa2
e2 0-1

[Event "XVII. DBMM Schach"]
[Site "Berlin"]
[Date "2017.11.02"]
[Round "2.3"]
[White "Genz, Andreas"]
[Black "Baader, Matthieu"]
[Result "0-1"]
[WhiteElo "1640"]
[BlackElo "1492"]
[Annotator "br"]
[PlyCount "93"]
[EventDate "2017.??.??"]
[EventType "team-swiss"]
[EventRounds "7"]
[EventCountry "GER"]
[SourceTitle "XVII. DBMM 2017"]
[Source "FV Schach e.V."]
[SourceDate "2018.05.26"]
[SourceVersion "1"]
[SourceVersionDate "2018.05.26"]
[SourceQuality "1"]
[WhiteTeam "SV Osram Berlin II"]
[BlackTeam "Vodafone II"]
[WhiteTeamCountry "GER"]
[BlackTeamCountry "GER"]

1. c4 c5 2. g3 e5 3. Nc3 d6 4. Bg2 Nc6 5. Nf3 Be7 6. O-O f5 7. d3 Nf6 8. e4 O-O
9. Be3 Rb8 10. a3 Kh8 11. Nd5 fxe4 12. dxe4 Nxe4 13. Nxe7 Qxe7 14. Qd5 Nf6 15.
Qd2 Na5 16. Qc2 Bg4 17. Nd2 Nc6 18. h3 Bh5 19. Rae1 Bg6 20. Qd1 Nd4 21. Bxd4
cxd4 22. f4 Qc7 23. f5 Bf7 24. b3 b5 25. Qe2 bxc4 26. bxc4 Rb2 27. Qd3 Rfb8 28.
Rc1 h6 29. g4 Qa5 30. Rfd1 Be8 31. Ne4 Ba4 32. Re1 R8b3 33. Qf1 Rxa3 34. Nxd6
Raa2 35. Bh1 Qd2 36. Re2 Qxe2 37. Qxe2 Rxe2 38. c5 Rac2 39. Ra1 Rxc5 40. Bf3
Rd2 41. Nb7 Rc3 42. Rd1 Bxd1 43. Nd6 Kg8 44. Nb5 Rb3 45. Nxa7 Be2 46. Nc6 d3
47. Nxe5 0-1

[Event "XVII. DBMM Schach"]
[Site "Berlin"]
[Date "2017.11.02"]
[Round "2.4"]
[White "Renzelmann, Volker"]
[Black "Benten, Wolfgang"]
[Result "0-1"]
[WhiteElo "1395"]
[BlackElo "1556"]
[Annotator "br"]
[PlyCount "78"]
[EventDate "2017.??.??"]
[EventType "team-swiss"]
[EventRounds "7"]
[EventCountry "GER"]
[SourceTitle "XVII. DBMM 2017"]
[Source "FV Schach e.V."]
[SourceDate "2018.05.26"]
[SourceVersion "1"]
[SourceVersionDate "2018.05.26"]
[SourceQuality "1"]
[WhiteTeam "Vodafone II"]
[BlackTeam "SV Osram Berlin II"]
[WhiteTeamCountry "GER"]
[BlackTeamCountry "GER"]

1. d4 Nf6 2. c4 g6 3. Nf3 Bg7 4. Nc3 O-O 5. e4 d6 6. Be2 e5 7. d5 Nbd7 8. O-O
Nc5 9. Qc2 a5 10. Bg5 h6 11. Be3 Ne8 12. a3 c6 13. b4 axb4 14. axb4 Na6 15.
Rfb1 Bd7 16. Qb3 Nac7 17. Bb6 Qb8 18. c5 cxd5 19. cxd6 Nxd6 20. Rxa8 Nxa8 21.
Nxd5 Nxb6 22. Nxb6 Be6 23. Qe3 Nc8 24. Nc4 Rd8 25. Nfd2 Nd6 26. f3 f6 27. Nxd6
Qxd6 28. Bc4 Bf8 29. Bxe6+ Qxe6 30. Qe2 Rd4 31. b5 Bc5 32. Kf1 Qa2 33. Rd1 Qc2
34. Ke1 Bb4 35. Qe3 Kg7 36. Ke2 Bc5 37. Qb3 Rxd2+ 38. Rxd2 Qxb3 39. Rd7+ Kf8
0-1

[Event "XVII. DBMM Schach"]
[Site "Berlin"]
[Date "2017.11.02"]
[Round "2.4"]
[White "Meseck, Michael"]
[Black "Schroeder, Wilfried"]
[Result "1-0"]
[WhiteElo "1514"]
[BlackElo "1400"]
[Annotator "br"]
[PlyCount "49"]
[EventDate "2017.??.??"]
[EventType "team-swiss"]
[EventRounds "7"]
[EventCountry "GER"]
[SourceTitle "XVII. DBMM 2017"]
[Source "FV Schach e.V."]
[SourceDate "2018.05.26"]
[SourceVersion "1"]
[SourceVersionDate "2018.05.26"]
[SourceQuality "1"]
[WhiteTeam "BA Tempelhof Berlin III"]
[BlackTeam "SG Airbus Bremen"]
[WhiteTeamCountry "GER"]
[BlackTeamCountry "GER"]

1. d4 d5 2. c4 dxc4 3. Nf3 h6 4. e4 b5 5. a4 c6 6. axb5 cxb5 7. b3 Bb7 8. Qc2
e6 9. bxc4 Bb4+ 10. Bd2 a5 11. cxb5 Ne7 12. Bd3 O-O 13. O-O Nd7 14. Bxb4 axb4
15. Nbd2 Ng6 16. Nb3 Qe7 17. Rxa8 Rxa8 18. Qc7 Rb8 19. Nc5 Ngf8 20. Nxb7 Ra8
21. Nc5 Ra3 22. Ne5 b3 23. Nexd7 b2 24. e5 Rc3 25. Nf6+ 1-0

[Event "XVII. DBMM Schach"]
[Site "Berlin"]
[Date "2017.11.02"]
[Round "2.2"]
[White "Klowski, Bjoern Sigurd"]
[Black "Lau, Peter"]
[Result "1/2-1/2"]
[WhiteElo "1681"]
[BlackElo "1743"]
[Annotator "br"]
[PlyCount "35"]
[EventDate "2017.??.??"]
[EventType "team-swiss"]
[EventRounds "7"]
[EventCountry "GER"]
[SourceTitle "XVII. DBMM 2017"]
[Source "FV Schach e.V."]
[SourceDate "2018.05.26"]
[SourceVersion "1"]
[SourceVersionDate "2018.05.26"]
[SourceQuality "1"]
[WhiteTeam "AGI Frankfurt II"]
[BlackTeam "Sparkassen-Vers. Stuttgart II"]
[WhiteTeamCountry "GER"]
[BlackTeamCountry "GER"]

1. e4 e6 2. d4 d5 3. Nd2 dxe4 4. Nxe4 Nd7 5. Nf3 Ngf6 6. Bd3 Nxe4 7. Bxe4 Nf6
8. Qe2 Nxe4 9. Qxe4 Qd5 10. Qxd5 exd5 11. O-O Be7 12. Re1 Be6 13. Bg5 Bxg5 14.
Nxg5 Kd7 15. Re2 Rae8 16. Rae1 a6 17. Nxe6 Rxe6 18. Rxe6 1/2-1/2

[Event "XVII. DBMM Schach"]
[Site "Berlin"]
[Date "2017.11.02"]
[Round "2.3"]
[White "Wirth, Volker"]
[Black "Hoffmann, Frank"]
[Result "1/2-1/2"]
[WhiteElo "1738"]
[BlackElo "1492"]
[Annotator "br"]
[PlyCount "47"]
[EventDate "2017.??.??"]
[EventType "team-swiss"]
[EventRounds "7"]
[EventCountry "GER"]
[SourceTitle "XVII. DBMM 2017"]
[Source "FV Schach e.V."]
[SourceDate "2018.05.26"]
[SourceVersion "1"]
[SourceVersionDate "2018.05.26"]
[SourceQuality "1"]
[WhiteTeam "Sparkassen-Vers. Stuttgart II"]
[BlackTeam "AGI Frankfurt II"]
[WhiteTeamCountry "GER"]
[BlackTeamCountry "GER"]

1. d4 Nf6 2. c4 g6 3. Nf3 d6 4. Nc3 Bg7 5. Bf4 O-O 6. e3 Nh5 7. Bg3 Nxg3 8.
hxg3 c5 9. Be2 Nc6 10. O-O Bg4 11. d5 Ne5 12. Rc1 a6 13. a3 e6 14. Nxe5 Bxe2
15. Qxe2 Bxe5 16. f4 Bxc3 17. Rxc3 exd5 18. cxd5 f5 19. e4 fxe4 20. Re3 Qd7 21.
Rxe4 Rae8 22. Re1 Rxe4 23. Qxe4 Kf7 24. Qe6+ 1/2-1/2

[Event "XVII. DBMM Schach"]
[Site "Berlin"]
[Date "2017.11.02"]
[Round "2.1"]
[White "Warnest, Stefan"]
[Black "Meseck, Klaus"]
[Result "1/2-1/2"]
[WhiteElo "1531"]
[BlackElo "1731"]
[Annotator "br"]
[PlyCount "136"]
[EventDate "2017.??.??"]
[EventType "team-swiss"]
[EventRounds "7"]
[EventCountry "GER"]
[SourceTitle "XVII. DBMM 2017"]
[Source "FV Schach e.V."]
[SourceDate "2018.05.26"]
[SourceVersion "1"]
[SourceVersionDate "2018.05.26"]
[SourceQuality "1"]
[WhiteTeam "BA Tempelhof Berlin IV"]
[BlackTeam "Telestern Berlin"]
[WhiteTeamCountry "GER"]
[BlackTeamCountry "GER"]

1. e4 e5 2. Nf3 Nc6 3. Bb5 Nf6 4. O-O d6 5. Re1 Bd7 6. d4 exd4 7. Nxd4 Be7 8.
Nxc6 bxc6 9. Ba4 O-O 10. Nc3 Qc8 11. Bg5 Kh8 12. Qd3 Ng8 13. Bxe7 Nxe7 14. Rad1
Ng6 15. Ne2 f5 16. exf5 Rxf5 17. Ng3 Rf6 18. Qc3 c5 19. Bxd7 Qxd7 20. Qxc5 Qf7
21. Qd5 Qf8 22. f3 Ne5 23. Rf1 Rb8 24. b3 c6 25. Qa5 Rf7 26. Qa3 d5 27. Qxf8+
Rbxf8 28. Ne2 Ng6 29. Nd4 c5 30. Ne6 Re8 31. Nxc5 Nf4 32. Nd3 Ne2+ 33. Kh1 Nd4
34. c3 Nb5 35. c4 dxc4 36. bxc4 Nc3 37. Ra1 h6 38. h3 Re2 39. Rf2 Rxf2 40. Nxf2
Rc7 41. Ne4 Nxe4 42. fxe4 Rxc4 43. Re1 Kg8 44. Re2 Kf7 45. Kg1 Ke6 46. Kf2 Ke5
47. Kf3 g6 48. g3 Rc3+ 49. Re3 Rc4 50. a3 h5 51. h4 Rc6 52. Rb3 Rc5 53. a4 a6
54. g4 hxg4+ 55. Kxg4 Kxe4 56. Rb6 Rc1 57. Re6+ Kd5 58. Rxa6 Rg1+ 59. Kf3 Ke5
60. a5 Kf5 61. Rb6 Ra1 62. a6 Ra3+ 63. Ke2 Ra4 64. Ke3 Rxh4 65. a7 Ra4 66. Rb7
Ke5 67. Kf3 g5 68. Rb5+ Kd6 1/2-1/2

[Event "XVII. DBMM Schach"]
[Site "Berlin"]
[Date "2017.11.02"]
[Round "2.2"]
[White "Fischer, Elmar"]
[Black "Frahm, Werner"]
[Result "1/2-1/2"]
[WhiteElo "1658"]
[BlackElo "1527"]
[Annotator "br"]
[PlyCount "75"]
[EventDate "2017.??.??"]
[EventType "team-swiss"]
[EventRounds "7"]
[EventCountry "GER"]
[SourceTitle "XVII. DBMM 2017"]
[Source "FV Schach e.V."]
[SourceDate "2018.05.26"]
[SourceVersion "1"]
[SourceVersionDate "2018.05.26"]
[SourceQuality "1"]
[WhiteTeam "Telestern Berlin"]
[BlackTeam "BA Tempelhof Berlin IV"]
[WhiteTeamCountry "GER"]
[BlackTeamCountry "GER"]

1. e4 c5 2. Nf3 Nc6 3. c3 e6 4. d4 d5 5. e5 h6 6. h3 Qb6 7. Be2 Bd7 8. O-O Rc8
9. b3 cxd4 10. cxd4 Nge7 11. Ba3 Nb4 12. Bd3 Nxd3 13. Qxd3 Bb5 14. Qd1 Bxf1 15.
Kxf1 Nf5 16. Bxf8 Kxf8 17. g4 Ne7 18. Nbd2 Nc6 19. Rc1 Ke7 20. Nb1 Qa6+ 21. Kg2
Nb4 22. Qd2 Nxa2 23. Rc2 Rxc2 24. Qxc2 Kd7 25. Nbd2 g6 26. Ne1 Rc8 27. Qb2 Nb4
28. Ndf3 Rc6 29. Qd2 Qa3 30. Qxh6 Kc7 31. Qf8 Qxb3 32. Qxf7+ Kb6 33. Qxg6 a5
34. Ng5 Qd1 35. Nef3 Nd3 36. Qf6 Qe2 37. Ng1 Ne1+ 38. Kg3 1/2-1/2

[Event "XVII. DBMM Schach"]
[Site "Berlin"]
[Date "2017.11.02"]
[Round "2.3"]
[White "Kalkowski, Thomas"]
[Black "Kleinwaechter, Manfred"]
[Result "0-1"]
[WhiteElo "1459"]
[BlackElo "1791"]
[Annotator "br"]
[PlyCount "46"]
[EventDate "2017.??.??"]
[EventType "team-swiss"]
[EventRounds "7"]
[EventCountry "GER"]
[SourceTitle "XVII. DBMM 2017"]
[Source "FV Schach e.V."]
[SourceDate "2018.05.26"]
[SourceVersion "1"]
[SourceVersionDate "2018.05.26"]
[SourceQuality "1"]
[WhiteTeam "BA Tempelhof Berlin IV"]
[BlackTeam "Telestern Berlin"]
[WhiteTeamCountry "GER"]
[BlackTeamCountry "GER"]

1. e4 e6 2. Nf3 d5 3. exd5 exd5 4. d4 Nf6 5. Nc3 Bg4 6. Be2 Bd6 7. Be3 O-O 8.
h3 Bf5 9. g4 Be4 10. Nxe4 Nxe4 11. Qd3 Nc6 12. O-O-O Qe7 13. Rhe1 a5 14. Qb3
Qe6 15. Bd3 Nb4 16. a4 Rfe8 17. Ng5 Nxd3+ 18. Qxd3 Nxg5 19. Bxg5 Qd7 20. c3 $11
Qxa4 21. Qf3 Rxe1 22. Rxe1 Qa1+ 23. Kd2 Qxb2+ 0-1

[Event "XVII. DBMM Schach"]
[Site "Berlin"]
[Date "2017.11.02"]
[Round "2.4"]
[White "Hewig, Heinz Dieter"]
[Black "Wolf, Wilfried"]
[Result "1/2-1/2"]
[WhiteElo "1575"]
[BlackElo "1566"]
[Annotator "br"]
[PlyCount "43"]
[EventDate "2017.??.??"]
[EventType "team-swiss"]
[EventRounds "7"]
[EventCountry "GER"]
[SourceTitle "XVII. DBMM 2017"]
[Source "FV Schach e.V."]
[SourceDate "2018.05.26"]
[SourceVersion "1"]
[SourceVersionDate "2018.05.26"]
[SourceQuality "1"]
[WhiteTeam "Telestern Berlin"]
[BlackTeam "BA Tempelhof Berlin IV"]
[WhiteTeamCountry "GER"]
[BlackTeamCountry "GER"]

1. e4 e5 2. Nf3 Nc6 3. c3 Bc5 4. Bc4 d6 5. b4 Bb6 6. Qb3 Qf6 7. d3 h6 8. O-O
Nge7 9. Be3 O-O 10. Nbd2 Nd8 11. a4 Be6 12. a5 Bxe3 13. fxe3 Bxc4 14. Nxc4 Qe6
15. Rab1 Ng6 16. Qc2 Nc6 17. b5 Nce7 18. Ncd2 f5 19. d4 f4 20. d5 Qd7 21. Nc4
Rf6 22. b6 1/2-1/2

[Event "XVII. DBMM Schach"]
[Site "Berlin"]
[Date "2017.11.02"]
[Round "2.1"]
[White "Junker, Carsten"]
[Black "Obermeier, Karlheinz"]
[Result "1-0"]
[WhiteElo "1715"]
[BlackElo "1526"]
[Annotator "br"]
[PlyCount "91"]
[EventDate "2017.??.??"]
[EventType "team-swiss"]
[EventRounds "7"]
[EventCountry "GER"]
[SourceTitle "XVII. DBMM 2017"]
[Source "FV Schach e.V."]
[SourceDate "2018.05.26"]
[SourceVersion "1"]
[SourceVersionDate "2018.05.26"]
[SourceQuality "1"]
[WhiteTeam "Europäisches Patentamt Muenchen II"]
[BlackTeam "ADAC Muenchen II"]
[WhiteTeamCountry "GER"]
[BlackTeamCountry "GER"]

1. c4 e5 2. Nf3 d6 3. Nc3 Nf6 4. d4 exd4 5. Nxd4 Bd7 6. g3 c6 7. Bg2 Na6 8. O-O
Nc7 9. e4 Ne6 10. Nf5 Qc7 11. b3 g6 12. Ne3 Rd8 13. Bb2 Bg7 14. Ncd5 cxd5 15.
Bxf6 Bxf6 16. Nxd5 Qb8 17. Nxf6+ Kf8 18. Nxd7+ Rxd7 19. Bh3 Rd8 20. Bxe6 fxe6
21. Qd4 Kf7 22. f4 Qc8 23. Qxa7 Rhe8 24. Qd4 Qc5 25. Qxc5 dxc5 26. Rfd1 Kf6 27.
e5+ Kf5 28. Rd6 Rxd6 29. exd6 Rd8 30. Rd1 Kf6 31. Kf2 b6 32. a3 e5 33. Kf3 exf4
34. Kxf4 h6 35. b4 Ke6 36. bxc5 bxc5 37. a4 Kd7 38. Ke5 Rf8 39. g4 Rf2 40. Kd5
Rxh2 41. Kxc5 h5 42. Re1 Rd2 43. Re7+ Kd8 44. gxh5 gxh5 45. Rh7 Ra2 46. Kc6 1-0